Digital Principles & Systems Design (Record no. 1721)

MARC details
000 -LEADER
fixed length control field 00432nam a2200157Ia 4500
008 - FIXED-LENGTH DATA ELEMENTS--GENERAL INFORMATION
fixed length control field 230312s9999||||xx |||||||||||||| ||und||
020 ## - INTERNATIONAL STANDARD BOOK NUMBER
International Standard Book Number 81-8431-235-0
082 ## - DEWEY DECIMAL CLASSIFICATION NUMBER
Classification number 621.381
Item number GOD-D
100 ## - MAIN ENTRY--PERSONAL NAME
Personal name Godse,A.P
245 #0 - TITLE STATEMENT
Title Digital Principles & Systems Design
260 ## - PUBLICATION, DISTRIBUTION, ETC.
Name of publisher, distributor, etc. Technial Publications Pune
Place of publication, distribution, etc. India
Date of publication, distribution, etc. 2007
300 ## - PHYSICAL DESCRIPTION
Extent P-92
546 ## - LANGUAGE NOTE
Language note Eng.
650 ## - SUBJECT ADDED ENTRY--TOPICAL TERM
Topical term or geographic name entry element Engineering
Form subdivision Boolean Algebra and Logic Gates,Theorems
942 ## - ADDED ENTRY ELEMENTS (KOHA)
Koha item type BOOK
Holdings
Withdrawn status Lost status Source of classification or shelving scheme Damaged status Not for loan Home library Current library Date acquired Total Checkouts Full call number Barcode Date last seen Price effective from Koha item type
    Dewey Decimal Classification     Superior Information Resource Center (SIRC) Superior University- Main Campus Superior Information Resource Center (SIRC) Superior University- Main Campus 03/13/2023   621.381 GOD-D 1731 03/13/2023 03/13/2023 BOOK

Powered by Koha